<?xml version="1.0" encoding="UTF-8"?>
<record
    xmlns:xsi="http://www.w3.org/2001/XMLSchema-instance"
    xsi:schemaLocation="http://www.loc.gov/MARC21/slim http://www.loc.gov/standards/marcxml/schema/MARC21slim.xsd"
    xmlns="http://www.loc.gov/MARC21/slim">

  <leader>     nam a22     7a 4500</leader>
  <datafield tag="999" ind1=" " ind2=" ">
    <subfield code="c">55837</subfield>
    <subfield code="d">55837</subfield>
  </datafield>
  <controlfield tag="003">OSt</controlfield>
  <controlfield tag="005">20221014151536.0</controlfield>
  <controlfield tag="008">221014b        xxu||||| |||| 00| 0 eng d</controlfield>
  <datafield tag="040" ind1=" " ind2=" ">
    <subfield code="c">IIMT ENGINEERING COLLEGE</subfield>
  </datafield>
  <datafield tag="100" ind1=" " ind2=" ">
    <subfield code="a">DASS H.K.</subfield>
  </datafield>
  <datafield tag="245" ind1=" " ind2=" ">
    <subfield code="a">ENGINEERING MATHEMATICS</subfield>
  </datafield>
  <datafield tag="260" ind1=" " ind2=" ">
    <subfield code="a">N DELHI S.CHAND</subfield>
    <subfield code="b">N DELHI</subfield>
    <subfield code="c">13/10/22</subfield>
  </datafield>
  <datafield tag="300" ind1=" " ind2=" ">
    <subfield code="a">431</subfield>
  </datafield>
  <datafield tag="942" ind1=" " ind2=" ">
    <subfield code="2">ddc</subfield>
    <subfield code="c">02</subfield>
  </datafield>
  <datafield tag="952" ind1=" " ind2=" ">
    <subfield code="0">0</subfield>
    <subfield code="1">0</subfield>
    <subfield code="2">ddc</subfield>
    <subfield code="4">0</subfield>
    <subfield code="7">0</subfield>
    <subfield code="a">06</subfield>
    <subfield code="b">06</subfield>
    <subfield code="d">2022-10-14</subfield>
    <subfield code="g">325.00</subfield>
    <subfield code="i">HO/IN/93</subfield>
    <subfield code="l">4</subfield>
    <subfield code="p">06-B-65234</subfield>
    <subfield code="r">2025-07-31</subfield>
    <subfield code="s">2025-04-11</subfield>
    <subfield code="t">10</subfield>
    <subfield code="u">APPLIED SCIENCE</subfield>
    <subfield code="w">2022-10-14</subfield>
    <subfield code="y">02</subfield>
  </datafield>
  <datafield tag="952" ind1=" " ind2=" ">
    <subfield code="0">0</subfield>
    <subfield code="1">0</subfield>
    <subfield code="2">ddc</subfield>
    <subfield code="4">0</subfield>
    <subfield code="7">0</subfield>
    <subfield code="a">06</subfield>
    <subfield code="b">06</subfield>
    <subfield code="d">2022-10-14</subfield>
    <subfield code="g">325.00</subfield>
    <subfield code="i">HO/IN/93</subfield>
    <subfield code="l">2</subfield>
    <subfield code="p">06-B-65235</subfield>
    <subfield code="r">2024-05-10</subfield>
    <subfield code="s">2023-09-29</subfield>
    <subfield code="t">10</subfield>
    <subfield code="u">APPLIED SCIENCE</subfield>
    <subfield code="w">2022-10-14</subfield>
    <subfield code="y">02</subfield>
  </datafield>
  <datafield tag="952" ind1=" " ind2=" ">
    <subfield code="0">0</subfield>
    <subfield code="1">0</subfield>
    <subfield code="2">ddc</subfield>
    <subfield code="4">0</subfield>
    <subfield code="7">0</subfield>
    <subfield code="a">06</subfield>
    <subfield code="b">06</subfield>
    <subfield code="d">2022-10-14</subfield>
    <subfield code="g">325.00</subfield>
    <subfield code="i">HO/IN/93</subfield>
    <subfield code="l">2</subfield>
    <subfield code="p">06-B-65236</subfield>
    <subfield code="r">2024-03-28</subfield>
    <subfield code="s">2023-09-18</subfield>
    <subfield code="t">10</subfield>
    <subfield code="u">APPLIED SCIENCE</subfield>
    <subfield code="w">2022-10-14</subfield>
    <subfield code="y">02</subfield>
  </datafield>
  <datafield tag="952" ind1=" " ind2=" ">
    <subfield code="0">0</subfield>
    <subfield code="1">0</subfield>
    <subfield code="2">ddc</subfield>
    <subfield code="4">0</subfield>
    <subfield code="7">0</subfield>
    <subfield code="a">06</subfield>
    <subfield code="b">06</subfield>
    <subfield code="d">2022-10-14</subfield>
    <subfield code="g">325.00</subfield>
    <subfield code="i">HO/IN/93</subfield>
    <subfield code="l">4</subfield>
    <subfield code="p">06-B-65237</subfield>
    <subfield code="r">2025-02-27</subfield>
    <subfield code="s">2024-09-26</subfield>
    <subfield code="t">10</subfield>
    <subfield code="u">APPLIED SCIENCE</subfield>
    <subfield code="w">2022-10-14</subfield>
    <subfield code="y">02</subfield>
  </datafield>
  <datafield tag="952" ind1=" " ind2=" ">
    <subfield code="0">0</subfield>
    <subfield code="1">0</subfield>
    <subfield code="2">ddc</subfield>
    <subfield code="4">0</subfield>
    <subfield code="7">0</subfield>
    <subfield code="a">06</subfield>
    <subfield code="b">06</subfield>
    <subfield code="d">2022-10-14</subfield>
    <subfield code="g">325.00</subfield>
    <subfield code="i">HO/IN/93</subfield>
    <subfield code="l">3</subfield>
    <subfield code="p">06-B-65238</subfield>
    <subfield code="r">2024-03-22</subfield>
    <subfield code="s">2023-10-13</subfield>
    <subfield code="t">10</subfield>
    <subfield code="u">APPLIED SCIENCE</subfield>
    <subfield code="w">2022-10-14</subfield>
    <subfield code="y">02</subfield>
  </datafield>
  <datafield tag="952" ind1=" " ind2=" ">
    <subfield code="0">0</subfield>
    <subfield code="1">0</subfield>
    <subfield code="2">ddc</subfield>
    <subfield code="4">0</subfield>
    <subfield code="7">0</subfield>
    <subfield code="a">06</subfield>
    <subfield code="b">06</subfield>
    <subfield code="d">2022-10-14</subfield>
    <subfield code="g">325.00</subfield>
    <subfield code="i">HO/IN/93</subfield>
    <subfield code="l">6</subfield>
    <subfield code="p">06-B-65239</subfield>
    <subfield code="r">2026-01-21</subfield>
    <subfield code="s">2025-10-28</subfield>
    <subfield code="t">10</subfield>
    <subfield code="u">APPLIED SCIENCE</subfield>
    <subfield code="w">2022-10-14</subfield>
    <subfield code="y">02</subfield>
  </datafield>
  <datafield tag="952" ind1=" " ind2=" ">
    <subfield code="0">0</subfield>
    <subfield code="1">0</subfield>
    <subfield code="2">ddc</subfield>
    <subfield code="4">0</subfield>
    <subfield code="7">0</subfield>
    <subfield code="a">06</subfield>
    <subfield code="b">06</subfield>
    <subfield code="d">2022-10-14</subfield>
    <subfield code="g">325.00</subfield>
    <subfield code="i">HO/IN/93</subfield>
    <subfield code="l">3</subfield>
    <subfield code="p">06-B-65240</subfield>
    <subfield code="r">2026-02-03</subfield>
    <subfield code="s">2025-08-18</subfield>
    <subfield code="t">10</subfield>
    <subfield code="u">APPLIED SCIENCE</subfield>
    <subfield code="w">2022-10-14</subfield>
    <subfield code="y">02</subfield>
  </datafield>
  <datafield tag="952" ind1=" " ind2=" ">
    <subfield code="0">0</subfield>
    <subfield code="1">0</subfield>
    <subfield code="2">ddc</subfield>
    <subfield code="4">0</subfield>
    <subfield code="7">0</subfield>
    <subfield code="a">06</subfield>
    <subfield code="b">06</subfield>
    <subfield code="d">2022-10-14</subfield>
    <subfield code="g">325.00</subfield>
    <subfield code="i">HO/IN/93</subfield>
    <subfield code="l">2</subfield>
    <subfield code="p">06-B-65241</subfield>
    <subfield code="r">2024-04-05</subfield>
    <subfield code="s">2023-10-12</subfield>
    <subfield code="t">10</subfield>
    <subfield code="u">APPLIED SCIENCE</subfield>
    <subfield code="w">2022-10-14</subfield>
    <subfield code="y">02</subfield>
  </datafield>
  <datafield tag="952" ind1=" " ind2=" ">
    <subfield code="0">0</subfield>
    <subfield code="1">0</subfield>
    <subfield code="2">ddc</subfield>
    <subfield code="4">0</subfield>
    <subfield code="7">0</subfield>
    <subfield code="a">06</subfield>
    <subfield code="b">06</subfield>
    <subfield code="d">2022-10-14</subfield>
    <subfield code="g">325.00</subfield>
    <subfield code="i">HO/IN/93</subfield>
    <subfield code="l">3</subfield>
    <subfield code="p">06-B-65242</subfield>
    <subfield code="r">2025-09-16</subfield>
    <subfield code="s">2025-09-08</subfield>
    <subfield code="t">10</subfield>
    <subfield code="u">APPLIED SCIENCE</subfield>
    <subfield code="w">2022-10-14</subfield>
    <subfield code="y">02</subfield>
  </datafield>
  <datafield tag="952" ind1=" " ind2=" ">
    <subfield code="0">0</subfield>
    <subfield code="1">0</subfield>
    <subfield code="2">ddc</subfield>
    <subfield code="4">0</subfield>
    <subfield code="7">0</subfield>
    <subfield code="a">06</subfield>
    <subfield code="b">06</subfield>
    <subfield code="d">2022-10-14</subfield>
    <subfield code="g">325.00</subfield>
    <subfield code="i">HO/IN/93</subfield>
    <subfield code="l">2</subfield>
    <subfield code="p">06-B-65243</subfield>
    <subfield code="r">2024-03-28</subfield>
    <subfield code="s">2023-10-05</subfield>
    <subfield code="t">10</subfield>
    <subfield code="u">APPLIED SCIENCE</subfield>
    <subfield code="w">2022-10-14</subfield>
    <subfield code="y">02</subfield>
  </datafield>
</record>
